[Event "Fredericia Spring-A"]
[Site "Fredericia"]
[Date "2013.06.10"]
[Round "5"]
[White "Bjerre, Lars Gronborg"]
[Black "Rasmussen, David"]
[Result "1-0"]
[WhiteElo "2043"]
[BlackElo "2036"]
[PlyCount "71"]
[EventDate "2013.04.29"]
[EventType "tourn"]
[EventRounds "5"]
[EventCountry "DEN"]
[SourceTitle "EXT 2018"]
[Source "ChessBase"]
[SourceDate "2017.10.13"]
[SourceVersion "1"]
[SourceVersionDate "2017.10.13"]
[SourceQuality "1"]

1. e4 b6 2. d4 Bb7 3. Bd3 e6 4. Nf3 Nf6 5. e5 Ne4 6. 0-0 c5 7. Re1 d5 8. exd6 Nxd6 9. d5 Bxd5 10. Bxh7 Bxf3 11. Qxf3 Nd7 12. Bg5 Be7 13. Rxe6 Nf6 14. Rxe7+ Kxe7 15. Bd3 Kf8 16. Nc3 Nde8 17. Bf5 Nc7 18. Bf4 Ne6 19. Bxe6 fxe6 20. Bd6+ Kg8 21. Be7 Qb8 22. h3 Kf7 23. Bxf6 gxf6 24. Rd1 Rd8 25. Qh5+ Kg7 26. Qg4+ Kf7 27. Re1 Qd6 28. Qh5+ Kg7 29. Re3 Rh8 30. Qg4+ Kf7 31. Rd3 Qc6 32. Ne4 Rag8 33. Qf3 Rc8 34. Qxf6+ Kg8 35. Rg3+ Kh7 36. Qg7# 1-0

[Event "Fredericia Foraar A"]
[Site "Fredericia"]
[Date "2012.05.14"]
[Round "3"]
[White "Bank Friis, Carsten"]
[Black "Bjerre, Lars Gronborg"]
[Result "1-0"]
[WhiteElo "2289"]
[BlackElo "2029"]
[PlyCount "73"]
[EventDate "2012.04.30"]
[EventType "tourn"]
[EventRounds "5"]
[EventCountry "DEN"]
[SourceTitle "EXT 2023"]
[Source "ChessBase"]
[SourceDate "2022.10.05"]
[SourceVersion "1"]
[SourceVersionDate "2022.10.05"]
[SourceQuality "1"]

1. d4 g6 2. c4 Bg7 3. Nc3 c5 4. Nf3 cxd4 5. Nxd4 Nc6 6. Nc2 Bxc3+ 7. bxc3 Qa5 8. Bd2 Nf6 9. f3 b6 10. e4 0-0 11. Rb1 d6 12. Nb4 Nxb4 13. cxb4 Qh5 14. Be3 Be6 15. Be2 Rfc8 16. Rc1 Rc7 17. 0-0 Rac8 18. Qd4 Nd7 19. Rc2 Qe5 20. Rfc1 Qxd4 21. Bxd4 f5 22. Bd3 fxe4 23. fxe4 Ne5 24. Bxe5 dxe5 25. Kf2 Rd8 26. Ke3 Rd4 27. a3 Bd7 28. c5 b5 29. c6 Rxd3+ 30. Kxd3 Be6 31. Rc5 Bc4+ 32. R1xc4 bxc4+ 33. Kxc4 Kf7 34. Kd5 Kf6 35. b5 h5 36. h4 Rc8 37. c7 1-0

[Event "DEN-chT 0910 48th"]
[Site "Denmark"]
[Date "2010.03.13"]
[Round "8.7"]
[White "Bjerre, Lars Gronborg"]
[Black "Sonderstrup, Bjarne"]
[Result "1/2-1/2"]
[WhiteElo "2380"]
[BlackElo "2094"]
[PlyCount "43"]
[EventDate "2009.11.07"]
[EventType "team-tourn"]
[EventRounds "9"]
[EventCountry "DEN"]
[SourceTitle "EXT 2023"]
[Source "ChessBase"]
[SourceDate "2022.10.05"]
[SourceVersion "1"]
[SourceVersionDate "2022.10.05"]
[SourceQuality "1"]
[WhiteTeam "Sydostfyn"]
[BlackTeam "Aalborg"]
[WhiteTeamCountry "DEN"]
[BlackTeamCountry "DEN"]

1. e4 c5 2. Nf3 Nc6 3. d4 cxd4 4. Nxd4 Nf6 5. Nc3 e5 6. Ndb5 d6 7. Bg5 a6 8. Na3 Be6 9. Nc4 Rc8 10. Nd5 Bxd5 11. Bxf6 gxf6 12. Qxd5 Nb4 13. Qd2 d5 14. exd5 Qxd5 15. Qxd5 Nxd5 16. 0-0-0 Nb4 17. c3 b5 18. cxb4 Bxb4 19. Kb1 bxc4 20. Rc1 c3 21. Bxa6 Rb8 22. b3 1/2-1/2